000 00654nam a2200241Ia 4500
003 OSt
005 20221007062513.0
006 a|||||r|||| 00| 0
007 ta
008 221006b |||||||| |||| 00| 0 eng d
024 _a21,932
037 _cTextual
040 _aFLL
_cFLL
_beng
041 _2eng
_aeng
082 _aZ2,7,524, M0
100 _aPrem Daulat Ram
_9682875
245 0 _aCross- Examination (arguments & instructive trials)
250 _a4th
260 _aAllahabad
_bOrient Law House India
_c1980
300 _axi,578p
_ccm.
942 _hZ2,7,524, M0
_cTEXL
_2CC
999 _c1128804
_d1128804